Feminist formations

Detalles Bibliográficos
Título anterior:NWSA journal (Online)
Formato: Electrónico Revista
Lenguaje:inglés
Publicado: Baltimore, MD : Johns Hopkins University Press
Materias:
Acceso en línea:Full text available from Research Library: 01/01/2010 to 1 year ago

MARC

LEADER 00000nas a2200000 a 4500
001 ssj0000331085
003 WaSeSS
005 20200512172242.0
006 m d
007 cr n
008 091105c20109999mdutr p s 0 a0eng
010 |a  2009203961 
016 7 |a 2570688-3  |2 DE-600 
022 |a 2151-7371  |y 2151-7363 
035 |a (WaSeSS)ssj0000331085 
037 |b John Hopkins University Press, Journals DIvision, 2715 N. Charles St. Baltimore, MD 21218-4363 
037 |a 22573/cts93wsx  |b JSTOR 
040 |a DLC  |b eng  |c DLC  |d DLC  |d WAU  |d NLGGC  |d DLC  |d HEBIS  |d DLC  |d VRC  |d OCLCQ  |d OCLCF  |d OCLCO  |d TEF  |d OCLCQ  |d MYG  |d GILDS  |d AU@  |d OCLCO  |d OCLCQ  |d OCLCO  |d VT2  |d CNTRU  |d SFB  |d SXQ  |d DLC  |d WaSeSS 
042 |a pcc  |a nsdp 
050 0 0 |a HQ1180 
050 1 4 |a HQ1185 
082 1 0 |a 305  |2 14 
130 0 |a Feminist formations (Online) 
222 0 |a Feminist formations  |b (Online) 
245 1 0 |a Feminist formations  |h [electronic resource]. 
260 |a Baltimore, MD :  |b Johns Hopkins University Press 
310 |a Three times a year 
362 1 |a Began with vol. 22, no. 1 (spring 2010). 
506 |a License restrictions may limit access. 
588 |a Description based on: Vol. 22, no. 1 (spring 2010); title from PDF cover (Project MUSE, viewed July 29, 2010). 
588 |a Latest issue consulted: Vol. 22, no. 3 (fall 2010) (JSTOR, viewed January 11, 2015). 
650 0 |a Feminism  |v Periodicals. 
650 0 |a Women's studies  |v Periodicals. 
650 7 |a Feminism.  |2 fast  |0 (OCoLC)fst00922671 
650 7 |a Women's studies.  |2 fast  |0 (OCoLC)fst01178850 
650 1 7 |a Feminisme.  |2 gtt 
655 0 |a Electronic journals. 
776 0 8 |i Print version:  |t Feminist formations  |x 2151-7363  |w (DLC) 2009203960  |w (OCoLC)463430899 
780 0 0 |t NWSA journal (Online)  |x 1527-1889  |w (DLC)sn 99004657  |w (OCoLC)42391367 
850 |a DLC 
856 4 0 |z Full text available from Research Library: 01/01/2010 to 1 year ago  |u https://search.proquest.com/publication/33901